[Event "World Senior chT-50 2019"]
[Site "Rhodes"]
[Date "2019.04.23"]
[Round "8.29"]
[White "Burchardt, Brigitte"]
[Black "Mahia, Gustavo"]
[Result "0-1"]
[WhiteElo "2136"]
[BlackElo "2367"]
[Annotator "NA RC"]
[PlyCount "82"]
[EventDate "2019.04.16"]
[EventType "team-tourn"]
[EventCountry "GRE"]
[SourceTitle "playchess.com"]
[Source "ChessBase"]
[SourceQuality "1"]
[WhiteTeam "Germany"]
[BlackTeam "Argentina"]
[WhiteTeamCountry "GER"]
[BlackTeamCountry "ARG"]
[TimeControl "40/5400+30:1800+30"]

1. e4 {[%emt 0:00:00]} c6 {[%emt 0:00:00]} 2. Nc3 {[%emt 0:00:00]} d5 {[%emt 0:00:04]} 3. Nf3 {[%emt 0:00:00]} Nf6 {[%emt 0:00:24]} 4. exd5 {[%emt 0:01:31]} cxd5 {[%emt 0:00:08]} 5. d4 {[%emt 0:00:04]} Nc6 {[%emt 0:00:14]} 6. h3 {[%emt 0:01:01] B13: Caro-Kann: Exchange Variation and Panov-Botvinnik Attack} (6. Bf4 Bf5 {½-½ (6) Sumets,A (2579)-Savchenko,S (2508) Tipaza 2011}) 6... Bf5 {[%emt 0:00:38]} 7. Bd3 {[%emt 0:00:33]} Bxd3 {[%emt 0:00:36]} 8. Qxd3 {[%emt 0:00:05]} e6 {[%emt 0:00:13]} 9. Bf4 {[%emt 0:03:00]} Be7 {[%emt 0:01:41]} 10. O-O {[%emt 0:04:19]} O-O {[%emt 0:00:43]} 11. Nd1 $146 {[%emt 0:15:29]} ({Predecessor:} 11. a3 Rc8 12. Ne5 Na5 13. b4 {0-1 (26) Fleischhacker,C (1839)-De Visser,L (2205) Austria 2018}) 11... a6 {[%emt 0:06:30]} 12. Ne5 {[%emt 0:01:49]} Nxe5 {[%emt 0:02:15]} 13. Bxe5 {[%emt 0:04:13]} Nd7 {[%emt 0:03:21]} 14. Bg3 {[%emt 0:02:04]} Rc8 {[%emt 0:01:01]} 15. Ne3 {[%emt 0:01:20]} f5 {[%emt 0:02:53]} 16. Bh2 {[%emt 0:09:03]} f4 {[%emt 0:12:45]} 17. Nd1 {[%emt 0:01:02]} Bd6 {[%emt 0:17:41]} 18. Re1 {[%emt 0:03:30]} Rf6 {[%emt 0:02:54]} 19. Kh1 {[%emt 0:05:01]} Qc7 {[%emt 0:00:48]} 20. c3 {[%emt 0:00:47]} f3 {[%emt 0:00:35]} 21. Bxd6 {[%emt 0:00:06]} fxg2+ {[%emt 0:00:06]} 22. Kxg2 {[%emt 0:00:07]} Qxd6 {[%emt 0:00:04]} 23. Kh1 {[%emt 0:09:07]} Rcf8 {[%emt 0:03:04]} 24. Re3 {[%emt 0:04:06]} e5 {[%emt 0:03:10]} 25. Rg3 {[%emt 0:09:49]} e4 {[%emt 0:05:50]} 26. Qd2 $2 {[%emt 0:03:24]} (26. Qe2 {might work better.}) 26... Rf4 {[%emt 0:01:35]} 27. Rc1 {[%emt 0:05:02]} Nf6 {[%emt 0:05:55]} 28. Rg2 {[%emt 0:03:01]} Nh5 {[%emt 0:01:26]} 29. Kg1 {[%emt 0:00:25]} Qd7 {[%emt 0:00:30]} 30. Ne3 {[%emt 0:05:16]} Rf3 {[%emt 0:01:21]} 31. Rf1 {[%emt 0:03:20]} Nf4 $19 {[%emt 0:00:42]} 32. Rh2 {[%emt 0:00:46]} Nxh3+ {[%emt 0:01:21]} 33. Kh1 {[%emt 0:00:14]} Qe6 {[%emt 0:03:30]} 34. c4 {[%emt 0:00:48]} dxc4 {[%emt 0:01:13]} 35. d5 {[%emt 0:03:00]} Qg6 {[%emt 0:03:48]} 36. Nd1 {[%emt 0:00:48]} Rd3 {[%emt 0:04:54]} 37. Qe2 {[%emt 0:00:48]} Nf4 {[%emt 0:00:17]} 38. Qc2 {[%emt 0:00:48]} Rh3 {[%emt 0:01:53]} 39. f3 {[%emt 0:00:36]} Rxh2+ {[%emt 0:00:34]} 40. Qxh2 {[%emt 0:00:00]} exf3 {[%emt 0:00:00]} 41. Rxf3 {[%emt 0:00:43]} Qe4 {[%emt 0:00:23]} 0-1

[Event "World Senior chT-50 2019"]
[Site "Rhodes"]
[Date "2019.04.23"]
[Round "8.30"]
[White "Garbarino, Rodolfo"]
[Black "Wagner-Michel, Annett"]
[Result "1-0"]
[WhiteElo "2335"]
[BlackElo "2056"]
[Annotator "ChessBase"]
[PlyCount "107"]
[EventDate "2019.04.16"]
[EventType "team-tourn"]
[EventCountry "GRE"]
[SourceTitle "playchess.com"]
[Source "ChessBase"]
[SourceQuality "1"]
[WhiteTeam "Argentina"]
[BlackTeam "Germany"]
[WhiteTeamCountry "ARG"]
[BlackTeamCountry "GER"]
[TimeControl "40/5400+30:1800+30"]

1. e4 {[%emt 4:24:35]} c5 {[%emt 0:00:02]} 2. Nc3 {[%emt 0:00:00]} Nc6 {[%emt 0:00:03]} 3. Nf3 {[%emt 0:00:00]} g6 {[%emt 0:00:18]} 4. d4 {[%emt 0:00:00]} cxd4 {[%emt 0:00:04]} 5. Nxd4 {[%emt 0:00:00]} Bg7 {[%emt 0:00:12]} 6. Nb3 {[%emt 0:00:00]} d6 {[%emt 0:00:55]} 7. f4 {[%emt 0:00:00]} Nf6 {[%emt 0:00:29]} 8. Bd3 {[%emt 0:00:00]} O-O {[%emt 0:05:49]} 9. O-O {[%emt 0:00:00]} a5 {[%emt 0:01:34]} 10. a4 {[%emt 0:00:00]} Nb4 {[%emt 0:02:08]} 11. h3 {[%emt 0:00:00]} Qb6+ {[%emt 0:09:49]} 12. Kh2 {[%emt 0:00:00]} Be6 {[%emt 0:00:49]} 13. Ra3 {[%emt 0:00:00]} Rac8 {[%emt 0:02:15]} 14. Rf3 {[%emt 0:00:00]} Nxd3 {[%emt 0:05:25]} 15. cxd3 {[%emt 0:00:00]} Rfe8 {[%emt 0:17:06]} 16. f5 {[%emt 0:00:00]} Bd7 {[%emt 0:07:34]} 17. Be3 {[%emt 0:00:00]} Qc7 {[%emt 0:02:09]} 18. Kh1 {[%emt 0:00:00]} e6 {[%emt 0:02:49]} 19. fxg6 {[%emt 0:00:00]} fxg6 {[%emt 0:01:01]} 20. Nd4 {[%emt 0:00:00]} Re7 {[%emt 0:14:18]} 21. Qg1 {[%emt 0:00:00]} Qb8 {[%emt 0:06:24]} 22. Ndb5 {[%emt 0:00:00]} Bxb5 {[%emt 0:00:30]} 23. axb5 {[%emt 0:00:00]} Nd7 {[%emt 0:01:41]} 24. Bg5 {[%emt 0:00:00]} Ree8 {[%emt 0:01:10]} 25. d4 {[%emt 0:00:00]} Rc4 {[%emt 0:01:26]} 26. Be3 {[%emt 0:00:00]} b6 {[%emt 0:01:21]} 27. Ra1 {[%emt 0:00:00]} Rf8 {[%emt 0:00:55]} 28. Raf1 {[%emt 0:00:00]} Rxf3 {[%emt 0:00:39]} 29. Rxf3 {[%emt 0:00:00]} Qe8 {[%emt 0:01:32]} 30. Qf1 {[%emt 0:00:00]} Rb4 {[%emt 0:00:17]} 31. Qf2 {[%emt 0:00:00]} Rc4 {[%emt 0:03:07]} 32. Qd2 {[%emt 0:00:00]} Qe7 {[%emt 0:02:53]} 33. Bg5 {[%emt 0:00:00]} Qe8 {[%emt 0:00:18]} 34. Rd3 {[%emt 0:00:00]} Qf7 {[%emt 0:00:19]} 35. Kg1 {[%emt 0:00:00]} Qf8 {[%emt 0:01:56]} 36. e5 {[%emt 0:00:00]} d5 {[%emt 0:00:48]} 37. Rf3 {[%emt 0:00:00]} Qb4 {[%emt 0:00:08]} 38. Qf4 {[%emt 0:00:00]} Qf8 {[%emt 0:01:52]} 39. Bf6 {[%emt 0:00:00]} Qe8 {[%emt 0:03:58]} 40. h4 {[%emt 0:00:00]} h6 {[%emt 0:01:29]} 41. Qd2 {[%emt 0:00:00]} Bf8 {[%emt 0:01:45]} 42. Ne2 {[%emt 0:00:00]} Bg7 {[%emt 0:03:25]} 43. Qd3 {[%emt 0:00:00]} Rc7 {[%emt 0:04:42]} 44. Bxg7 {[%emt 0:00:00]} Kxg7 {[%emt 0:00:03]} 45. Nf4 {[%emt 0:00:00]} Nf8 {[%emt 0:03:36]} 46. Rg3 {[%emt 0:00:00]} Qf7 {[%emt 0:04:56]} 47. Nxg6 {[%emt 0:00:00]} Rc1+ {[%emt 0:02:18]} 48. Kh2 {[%emt 0:00:00]} Nxg6 {[%emt 0:00:51]} 49. h5 {[%emt 0:00:00]} Qf4 {[%emt 0:05:27]} 50. Qxg6+ {[%emt 0:00:00]} Kf8 {[%emt 0:00:02]} 51. Qxe6 {[%emt 0:00:00]} Rh1+ {[%emt 0:03:01]} 52. Kxh1 {[%emt 0:00:00]} Qxg3 {[%emt 0:00:02]} 53. Qxh6+ {[%emt 0:00:00]} Ke7 {[%emt 0:00:52]} 54. Qd6+ {[%emt 0:00:00]} 1-0

[Event "World Senior chT-50 2019"]
[Site "Rhodes"]
[Date "2019.04.23"]
[Round "8.31"]
[White "Schulz, Petra"]
[Black "Llanos, Guillermo"]
[Result "0-1"]
[WhiteElo "2051"]
[BlackElo "2293"]
[Annotator "TA"]
[PlyCount "84"]
[EventDate "2019.04.16"]
[EventType "team-tourn"]
[EventCountry "GRE"]
[SourceTitle "playchess.com"]
[Source "ChessBase"]
[SourceQuality "1"]
[WhiteTeam "Germany"]
[BlackTeam "Argentina"]
[WhiteTeamCountry "GER"]
[BlackTeamCountry "ARG"]

{[%evp 17,84,25,43,30,28,22,38,8,30,32,68,62,52,64,89,90,94,-22,-18,-29,-10,-35,-29,-35,-36,-23,-39,-15,-20,-34,-34,-129,0,-19,-5,-4,0,-12,0,-14,0,-54,-50,-127,-139,-131,-64,-68,-55,-138,-131,-129,-89,-181,-86,-133,0,-185,-164,-298,-289,-298,-319,-366,-337,-453,-445,-440,-412]} 1. e4 Nf6 2. e5 Nd5 3. c4 Nb6 4. d4 d6 5. exd6 cxd6 6. Nc3 g6 7. Be3 Bg7 8. Rc1 O-O 9. b3 Bf5 10. Nf3 {B03: Alekhine's Defence: Four Pawns Attack} (10. Be2 d5 11. c5 Nc8 12. Bf3 e6 13. g4 Be4 14. Nxe4 dxe4 15. Bxe4 Nc6 16. Ne2 N8e7 17. O-O Qd7 {1-0 (34) Corrales Jimenez,F (2559)-Zhao,J (2610) chess.com INT 2019}) 10... d5 11. c5 Nc8 12. Qd2 {White is slightly better.} Nc6 13. Bh6 Bg4 {White must now prevent ...Bxh6.} 14. Bxg7 Kxg7 15. Ne5 $146 ({Predecessor:} 15. Be2 Bxf3 16. Bxf3 e6 {0-1 (42) Messina,I-Botham,C (2095) Santa Flavia 1997}) 15... Nxe5 16. dxe5 Be6 17. Qd4 (17. h4 $16) 17... a6 $11 18. f4 Na7 19. Bd3 Nc6 20. Qf2 f6 21. exf6+ Rxf6 22. O-O Qa5 23. Bb1 Raf8 24. Ne2 (24. g3 $15) 24... Qb4 (24... Bg4 $1 $17 {And now ...Bxe2 would win.} 25. Nd4 e5 26. Nxc6 bxc6) 25. h3 Bg8 $36 {[%mdl 2048] Black has the initiative.} 26. Qe1 a5 27. Qxb4 axb4 28. Rfd1 $1 h6 29. g4 (29. Rd2 $11) 29... e6 30. Kg2 (30. Rd2 $15) 30... e5 $17 31. f5 g5 (31... h5 $1 $17 32. Ng3 e4 33. Bxe4 dxe4 34. Nxe4 R6f7 35. f6+ Kh8) 32. Ng3 {aiming for Nh5+.} Bf7 33. Bd3 (33. Rd2 $15) 33... Ra8 34. Rd2 Ra5 35. Be2 (35. Bb1 $17) 35... e4 (35... Nd4 $19 36. Nh1 Rc6) 36. Kf1 {[#]} Ne7 (36... h5 $1 $17 {[%mdl 512] ...e3 is the strong threat.} 37. gxh5 (37. Nxh5+ Bxh5) 37... e3) 37. Ke1 $2 (37. Rd4 $1 $11) 37... Rc6 $19 38. Rdc2 (38. Rd4 {only move.} Rxa2 39. Rxb4) 38... Kf6 39. Bf1 Ke5 40. Bg2 Ng8 41. Nf1 Nf6 42. Nd2 Nd7 {Accuracy: White = 20%, Black = 56%.} 0-1

[Event "World Senior chT-50 2019"]
[Site "Rhodes"]
[Date "2019.04.23"]
[Round "8.32"]
[White "Perez Wertheim, Rodolfo"]
[Black "Jeske, Kirsten"]
[Result "1/2-1/2"]
[WhiteElo "1914"]
[BlackElo "1951"]
[Annotator "NA RC"]
[PlyCount "37"]
[EventDate "2019.04.16"]
[EventType "team-tourn"]
[EventCountry "GRE"]
[SourceTitle "playchess.com"]
[Source "ChessBase"]
[SourceQuality "1"]
[WhiteTeam "Argentina"]
[BlackTeam "Germany"]
[WhiteTeamCountry "ARG"]
[BlackTeamCountry "GER"]
[TimeControl "40/5400+30:1800+30"]

1. d4 {[%emt 0:00:00]} e6 {[%emt 0:00:00]} 2. Nf3 {[%emt 0:01:04]} d5 {[%emt 0:00:14]} 3. Bf4 {[%emt 0:00:08]} f5 {[%emt 0:00:58]} 4. g4 {[%emt 0:08:53]} Nf6 {[%emt 0:06:44]} 5. gxf5 {[%emt 0:13:22]} exf5 {[%emt 0:01:23]} 6. e3 {[%emt 0:06:39]} Bd6 {[%emt 0:09:22]} 7. Ne5 {[%emt 0:08:28]} Qe7 {[%emt 0:06:35]} 8. Bg2 {[%emt 0:03:02]} c6 {[%emt 0:03:27]} 9. Nd2 {[%emt 0:02:54]} Ng4 {[%emt 0:11:44]} 10. Ndf3 {[%emt 0:02:23]} Nd7 {[%emt 0:05:31]} 11. Bg5 {[%emt 0:09:24]} Ngf6 {[%emt 0:06:46]} 12. Nd3 {[%emt 0:08:10]} O-O {[%emt 0:18:18]} 13. O-O {[%emt 0:01:36]} Qe8 {[%emt 0:06:08]} 14. Bf4 {[%emt 0:03:12]} Bxf4 {[%emt 0:00:59]} 15. Nxf4 {[%emt 0:00:10]} Ne4 $11 {[%emt 0:00:33]} 16. h4 {[%emt 0:04:01]} Ndf6 {[%emt 0:01:27]} 17. Ne5 {[%emt 0:00:33]} Nd7 {[%emt 0:02:26]} 18. Nf3 {[%emt 0:10:18]} Ndf6 {[%emt 0:00:02]} 19. Ne5 {[%emt 0:00:28]} 1/2-1/2

[Event "World Senior chT-50 2019"]
[Site "Rhodes"]
[Date "2019.04.23"]
[Round "8.33"]
[White "Ross, David"]
[Black "Lagerborg, Krister"]
[Result "0-1"]
[WhiteElo "2312"]
[BlackElo "2102"]
[Annotator "TA"]
[PlyCount "68"]
[EventDate "2019.04.16"]
[EventType "team-tourn"]
[EventCountry "GRE"]
[SourceTitle "playchess.com"]
[Source "ChessBase"]
[SourceQuality "1"]
[WhiteTeam "Canada"]
[BlackTeam "Sweden"]
[WhiteTeamCountry "CAN"]
[BlackTeamCountry "SWE"]

{[%evp 11,72,33,37,45,43,27,43,19,24,15,26,0,-3,-55,-26,-32,-8,-16,-13,-13,-16,-37,-39,-137,-133,-144,-144,-264,-243,-423,-410,-406,-294,-320,-325,-355,-337,-322,-99,-393,-391,-374,-174,-174,-149,-225,-118,-107,-85,-566,-559,-710,-721,-945,-727,-940,-879,-867,-610,-1661,-1721,-29991,-29992]} 1. d4 Nf6 2. c4 g6 3. Nc3 Bg7 4. e4 d6 5. Bd3 O-O 6. Nge2 e5 7. d5 {E70: King's Indian: Miscellaneous lines with 4 e4, including 5 Nge2 and 5 Bd3 0-0 6 Nge2} Nfd7 (7... Nh5 8. O-O Nd7 9. Be3 f5 10. exf5 gxf5 11. Ng3 Nxg3 12. fxg3 e4 13. Be2 Ne5 14. Qd2 Bd7 15. Rf2 Qe8 16. Raf1 Qg6 {1-0 (29) Moiseenko,A (2648)-Jakubiec,A (2508) Germany 2019}) 8. h4 $146 ({Predecessor:} 8. O-O f5 9. exf5 gxf5 10. f3 Nc5 11. Bc2 Qh4 12. Qe1 Qxc4 13. b3 Qa6 14. Qh4 b5 {1-0 (26) Socko,M (2428)-Kulon,K (2400) Wroclaw 2016}) 8... f5 9. h5 {White is slightly better.} f4 10. hxg6 hxg6 11. Bc2 a5 12. Rb1 (12. g3 $11) 12... Nf6 13. a3 Na6 14. b4 Kf7 15. f3 Rh8 16. Rg1 Rh2 17. Qd3 (17. Ba4 $15) 17... Nh5 $17 18. Bd2 Bf6 19. Nb5 (19. Kf1 $17 {was called for.}) 19... Bh4+ $19 20. Kf1 $2 (20. Kd1 {was the only chance.}) 20... Qg5 {Threatens to win with ...Rxg2!} 21. Be1 Bxe1 22. Kxe1 Rxg2 23. Rxg2 Qxg2 24. c5 Ke7 $2 (24... dxc5 25. d6 $17) (24... axb4 $19 {is more deadly.} 25. axb4 dxc5) 25. Qc3 $2 {[%mdl 8192]} (25. Nxc7 $17 {was forced.} Nxc7 26. cxd6+ Kxd6 27. Qc3 axb4 28. Qxb4+ Kd7 29. Ba4+ Rxa4 30. Qxa4+ Kd8 31. Rc1) 25... Ng3 {[%csl Gg3][%cal Rg2e2]} 26. Nxf4 Qf1+ (26... exf4 27. Qg7+ Ke8 28. Nxd6+ $1 {[%mdl 512]} (28. Nxc7+ Nxc7 29. Ba4+ Bd7 $11) (28. Qxg6+ Kd8 $11) 28... cxd6 29. Ba4+ (29. Qxg6+ Kd8 $11) 29... Bd7 30. Qg8+ Ke7 31. Qg7+ Ke8 32. Qg8+ Ke7 33. Qg7+ Ke8 $11) (26... Qh1+ $142 27. Kd2 Qh6 {[%mdl 64] Pin}) 27. Kd2 Qxb5 28. Nd3 {[#]} axb4 ({Better is} 28... Kf7 $1 $19 {Hoping for ...axb4.} 29. Rg1 Nh5) 29. axb4 $17 Bh3 {aiming for ...Rf8.} 30. Nf4 $2 {[%mdl 8192]} (30. Rg1 $17 {is a better chance.} Nf1+ 31. Kc1) 30... Bf1 $19 (30... exf4 31. Qg7+ Ke8 32. Qxg6+ Kf8 33. Qh6+ Kg8 34. Qg6+ Kh8 35. Qh6+ Kg8 36. Qg6+ Kf8 37. Qh6+ Kg8 $11) 31. Nxg6+ Kf6 32. f4 Qe2+ ({Stronger than} 32... Kxg6 33. Qxg3+ Kf7 34. Qf2 $16 (34. fxe5 Qe2+ 35. Kc1 Rg8 $11)) 33. Kc1 Qf2 ({Not} 33... Kxg6 34. Qxg3+ Kf7 35. fxe5 $14) 34. Kb2 Kxg6 {Played: Ng3-e2} 0-1

[Event "World Senior chT-50 2019"]
[Site "Rhodes"]
[Date "2019.04.23"]
[Round "8.34"]
[White "Gamback, Bjorn"]
[Black "Ross, Paul"]
[Result "1/2-1/2"]
[WhiteElo "2101"]
[BlackElo "2237"]
[Annotator "TA"]
[PlyCount "52"]
[EventDate "2019.04.16"]
[EventType "team-tourn"]
[EventCountry "GRE"]
[SourceTitle "playchess.com"]
[Source "ChessBase"]
[SourceQuality "1"]
[WhiteTeam "Sweden"]
[BlackTeam "Canada"]
[WhiteTeamCountry "SWE"]
[BlackTeamCountry "CAN"]

{[%evp 9,52,28,33,-1,18,0,0,12,22,21,38,18,18,14,18,6,19,20,11,8,12,12,18,0,9,3,16,27,22,0,5,-13,0,0,0,0,0,0,0,0,0,-22,-15,-25,-19]} 1. Nf3 g6 2. e4 Bg7 3. d4 d6 4. Nc3 a6 5. Be3 b5 6. a3 {B06: Modern Defence} (6. Bd3 Nd7 7. e5 e6 8. Ne4 d5 9. Ng3 c5 10. c3 Ne7 11. Qe2 Nc6 12. Qd2 c4 13. Bc2 a5 14. Bh6 {0-1 (34) So,W (2815)-Carlsen,M (2832) chess.com INT 2017}) 6... Nd7 7. Be2 Bb7 8. O-O {The position is equal.} Ngf6 9. e5 Nd5 10. Nxd5 Bxd5 11. exd6 cxd6 12. b3 $146 ({Predecessor:} 12. Qd2 Rc8 13. Rfe1 {1-0 (45) Smith,I (2145)-Webb,M (1987) England 2010}) 12... O-O 13. c4 bxc4 14. bxc4 Bb7 15. Rb1 Qc7 16. Nd2 Rfc8 17. Bf3 Rab8 18. Bxb7 Rxb7 19. Rxb7 Qxb7 20. Qe2 Qc6 21. Rb1 Rb8 22. Rxb8+ Nxb8 23. Qd1 Nd7 24. Qb3 e6 25. Kf1 d5 26. cxd5 exd5 {Accuracy: White = 52%, Black = 62%.} 1/2-1/2

[Event "World Senior chT-50 2019"]
[Site "Rhodes"]
[Date "2019.04.23"]
[Round "8.35"]
[White "Barron, Michael"]
[Black "Franzen, Thomas"]
[Result "1-0"]
[WhiteElo "2124"]
[BlackElo "2015"]
[Annotator "TA"]
[PlyCount "61"]
[EventDate "2019.04.16"]
[EventType "team-tourn"]
[EventCountry "GRE"]
[SourceTitle "playchess.com"]
[Source "ChessBase"]
[SourceQuality "1"]
[WhiteTeam "Canada"]
[BlackTeam "Sweden"]
[WhiteTeamCountry "CAN"]
[BlackTeamCountry "SWE"]

{[%evp 25,61,-27,0,0,0,0,41,41,65,54,66,18,68,65,78,57,69,64,62,58,93,98,84,56,53,52,70,64,80,81,123,125,139,127,497,497,496,483]} 1. e4 c5 2. Nf3 Nc6 3. d4 cxd4 4. Nxd4 Nf6 5. Nc3 e5 6. Ndb5 d6 7. Nd5 Nxd5 8. exd5 Nb8 9. c4 Be7 10. Bd3 O-O 11. O-O f5 12. f4 a6 13. Nc3 e4 14. Be2 $1 {B33: Sicilian: Pelikan and Sveshnikov Variations} Bf6 15. Be3 Nd7 (15... Bxc3 $5 16. bxc3 Nd7 $11) 16. Rc1 {White is slightly better.} Rb8 $146 ({Predecessor:} 16... b6 17. Kh1 a5 18. Nb5 Be7 19. Nd4 Nc5 20. b3 Bd7 21. a3 Na6 {1-0 (30) Dgebuadze,A (2505)-Dickl,E (2173) El Sauzal 2007}) 17. b4 b6 18. Na4 Bb7 19. c5 dxc5 20. bxc5 Nxc5 21. Nxc5 bxc5 22. Bxc5 Bxd5 23. Bxf8 Kxf8 24. Rc2 Qa5 25. Qd2 $36 {[%mdl 2048] White has the initiative.} Qb6+ 26. Kh1 Rd8 {[#]} 27. Qc1 $1 Be7 28. Rd1 Qe6 29. Qe3 Bxa2 $2 {[%mdl 8192]} (29... Rd6 $16) 30. Rxd8+ $18 {[%mdl 64] Overworked Piece} Bxd8 31. Qd2 {Played: Qe3-a3} 1-0

[Event "World Senior chT-50 2019"]
[Site "Rhodes"]
[Date "2019.04.23"]
[Round "8.36"]
[White "Johansson, Bjorn"]
[Black "Chernik, Dmitry"]
[Result "0-1"]
[WhiteElo "1888"]
[BlackElo "1868"]
[Annotator "NA"]
[PlyCount "68"]
[EventDate "2019.04.16"]
[EventType "team-tourn"]
[EventCountry "GRE"]
[SourceTitle "playchess.com"]
[Source "ChessBase"]
[SourceQuality "1"]
[WhiteTeam "Sweden"]
[BlackTeam "Canada"]
[WhiteTeamCountry "SWE"]
[BlackTeamCountry "CAN"]
[TimeControl "40/5400+30:1800+30"]

1. c4 {[%emt 0:00:00]} e5 {[%emt 0:00:17]} 2. g3 {[%emt 0:00:00]} Nc6 {[%emt 0:00:06]} 3. Bg2 {[%emt 0:00:00]} f5 {[%emt 0:00:06]} 4. Nc3 {[%emt 0:00:19]} Nf6 {[%emt 0:00:07]} 5. d3 {[%emt 0:00:48]} Bb4 {[%emt 0:00:18]} 6. Bd2 {[%emt 0:01:02]} O-O {[%emt 0:02:25]} 7. a3 {[%emt 0:00:42]} Bxc3 {[%emt 0:00:24]} 8. Bxc3 {[%emt 0:00:36]} d6 {[%emt 0:00:05]} 9. e3 {[%emt 0:01:44]} Qe8 {[%emt 0:00:17]} 10. Ne2 {[%emt 0:01:39]} Kh8 {[%emt 0:07:02]} 11. Qd2 {[%emt 0:01:31]} Be6 {[%emt 0:00:29]} 12. O-O {[%emt 0:02:17]} Qh5 {[%emt 0:01:47]} 13. f4 {[%emt 0:01:19]} Rae8 {[%emt 0:06:54]} 14. b3 {[%emt 0:04:52]} Bd7 {[%emt 0:01:47]} 15. Rae1 {[%emt 0:01:52]} Ne7 {[%emt 0:11:11]} 16. fxe5 {[%emt 0:07:11]} dxe5 {[%emt 0:00:19]} 17. Bxe5 {[%emt 0:00:07]} Ng4 {[%emt 0:00:28]} 18. Bxg7+ {[%emt 0:00:54]} Kxg7 {[%emt 0:00:10]} 19. h3 {[%emt 0:00:13]} Nf6 {[%emt 0:00:41]} 20. Nf4 {[%emt 0:00:40]} Qg5 {[%emt 0:01:17]} 21. Kh2 {[%emt 0:00:43]} c6 {[%emt 0:04:40]} 22. d4 {[%emt 0:06:05]} Ne4 {[%emt 0:04:07]} 23. Bxe4 {[%emt 0:00:05]} fxe4 {[%emt 0:00:10]} 24. d5 {[%emt 0:02:15]} cxd5 {[%emt 0:05:14]} 25. cxd5 {[%emt 0:00:40]} Ng6 {[%emt 0:01:02]} 26. Qd4+ {[%emt 0:05:52]} Qe5 {[%emt 0:05:03]} 27. Nh5+ {[%emt 0:03:58]} Kh6 {[%emt 0:06:16]} 28. Nf4 {[%emt 0:07:25]} Nxf4 {[%emt 0:01:22]} 29. Qxe5 {[%emt 0:00:20]} Rxe5 {[%emt 0:00:13]} 30. exf4 {[%emt 0:00:08]} Rxd5 {[%emt 0:00:26]} 31. Rxe4 {[%emt 0:01:20]} Rd2+ {[%emt 0:00:15]} 32. Kg1 {[%emt 0:00:16]} Bxh3 {[%emt 0:00:15]} 33. Rf2 {[%emt 0:00:56]} Rxf2 {[%emt 0:02:13]} 34. Kxf2 {[%emt 0:00:01]} Bd7 {[%emt 0:02:10]} 0-1

[Event "World Senior chT-50 2019"]
[Site "Rhodes"]
[Date "2019.04.23"]
[Round "8.37"]
[White "Yrjola, Jouni"]
[Black "Priedite, Ingrida"]
[Result "1-0"]
[WhiteElo "2327"]
[BlackElo "2044"]
[Annotator "NA RC"]
[PlyCount "91"]
[EventDate "2019.04.16"]
[EventType "team-tourn"]
[EventCountry "GRE"]
[SourceTitle "playchess.com"]
[Source "ChessBase"]
[SourceQuality "1"]
[WhiteTeam "Finland"]
[BlackTeam "Latvia"]
[WhiteTeamCountry "FIN"]
[BlackTeamCountry "LAT"]
[TimeControl "40/5400+30:1800+30"]

1. d4 {[%emt 0:00:00]} Nf6 {[%emt 0:00:00]} 2. c4 {[%emt 0:00:00]} e6 {[%emt 0:00:00]} 3. Nc3 {[%emt 0:00:34]} Bb4 {[%emt 0:00:07]} 4. Qc2 {[%emt 0:00:12]} O-O {[%emt 0:00:42]} 5. a3 {[%emt 0:00:30]} Bxc3+ {[%emt 0:00:47]} 6. Qxc3 {[%emt 0:00:07]} b6 {[%emt 0:00:43]} 7. Bg5 {[%emt 0:00:43]} Bb7 {[%emt 0:11:07]} 8. f3 {[%emt 0:02:26]} h6 {[%emt 0:02:04]} 9. Bh4 {[%emt 0:00:26]} d5 {[%emt 0:06:20]} 10. e3 {[%emt 0:02:17]} Nbd7 {[%emt 0:03:56]} 11. Nh3 {[%emt 0:03:29]} Rc8 {[%emt 0:05:08] E32: Nimzo-Indian: Classical (4 Qc2): 4...0-0} (11... c5 12. cxd5 cxd4 13. Qxd4 e5 14. Qd1 Bxd5 15. Nf2 Be6 16. Bd3 Nc5 17. Bc2 Qxd1+ 18. Rxd1 Nd5 19. Ke2 Rac8 {0-1 (40) Laznicka,V (2634)-Grischuk,A (2733) Ohrid 2009}) 12. c5 {[%emt 0:23:04]} bxc5 {[%emt 0:16:10]} 13. dxc5 {[%emt 0:00:11]} Ne4 {[%emt 0:00:58]} 14. Bxd8 {[%emt 0:08:25]} Nxc3 {[%emt 0:00:06]} 15. Bh4 {[%emt 0:04:01]} Na4 {[%emt 0:00:21]} 16. b4 {[%emt 0:08:03]} c6 {[%emt 0:00:15]} 17. Kd2 $146 {[%emt 0:01:59]} ({Predecessor:} 17. Bg3 a5 18. Bd6 Rfe8 19. Rb1 axb4 20. axb4 Nc3 21. Rc1 Na2 22. Rc2 Ra8 23. b5 Ra3 24. Kd2 {½-½ (24) Sivenkov,O (2469)-Dibley,S (2459) ICCF email 2008}) 17... a5 {[%emt 0:05:30]} 18. Be7 {[%emt 0:12:43]} Rfe8 {[%emt 0:00:08]} 19. Bd6 {[%emt 0:00:05]} Ra8 {[%emt 0:00:25]} 20. Kc2 {[%emt 0:00:19]} Ba6 {[%emt 0:01:53]} 21. Kb3 {[%emt 0:00:33]} Bb5 {[%emt 0:01:37]} 22. Bxb5 {[%emt 0:00:20]} cxb5 {[%emt 0:00:12]} 23. Nf4 {[%emt 0:04:17]} Nb8 {[%emt 0:06:09]} 24. Ne2 {[%emt 0:07:36]} axb4 {[%emt 0:07:15]} 25. axb4 {[%emt 0:00:27]} Nc6 {[%emt 0:00:29]} 26. Nd4 {[%emt 0:00:23]} Nxd4+ {[%emt 0:00:46]} 27. exd4 {[%emt 0:00:06]} Rec8 {[%emt 0:01:02]} 28. g4 {[%emt 0:01:31]} Rc6 {[%emt 0:03:32]} 29. f4 {[%emt 0:01:17]} Rca6 {[%emt 0:02:20]} 30. Rab1 {[%emt 0:03:37]} f6 {[%emt 0:07:21]} (30... Rc6 $142 31. Rbc1 Kh7) 31. h4 {[%emt 0:02:20]} Rc6 {[%emt 0:02:05]} 32. Ra1 {[%emt 0:04:43]} Rca6 {[%emt 0:00:06]} 33. Rab1 {[%emt 0:02:02]} Rc6 {[%emt 0:00:06]} 34. f5 {[%emt 0:00:39]} exf5 {[%emt 0:02:02]} 35. gxf5 {[%emt 0:00:05]} Nb6 {[%emt 0:09:30]} 36. Ra1 {[%emt 0:00:43]} Na4 {[%emt 0:00:05]} 37. Rhe1 {[%emt 0:00:22]} Rca6 {[%emt 0:01:55]} 38. Rab1 {[%emt 0:00:37]} R6a7 {[%emt 0:03:45]} 39. Re6 {[%emt 0:01:26]} Kh7 {[%emt 0:01:18]} 40. h5 {[%emt 0:00:00]} Ra6 {[%emt 0:00:00]} 41. Re7 {[%emt 0:07:41]} Nb6 {[%emt 0:06:28]} 42. cxb6 {[%emt 0:01:04]} Ra3+ {[%emt 0:06:56]} (42... Rxb6 $142 43. Bc7 Rb7) 43. Kc2 {[%emt 0:00:08]} Rf3 {[%emt 0:01:07]} 44. Re2 {[%emt 0:07:01]} Ra2+ {[%emt 0:02:24]} 45. Rb2 {[%emt 0:00:23]} Raa3 {[%emt 0:02:04]} 46. b7 $18 {[%emt 0:02:49]} 1-0